Non-Stochastic Argumentation in Predicting Economic Indices

Použitie štatistickej prognózy v predikciách krátkodobého medziročného vývoja HDP a ďalších agregovaných indexov národných účtov. Využitie nestochastického predikčného rozsahu ako predikčného nástroja. Analytické metódy časovej série a predikčné postupy. Hospodársky vývoj vo Francúzsku od konca druh...

ver descrição completa

Na minha lista:
Detalhes bibliográficos
Autor principal: Marek, Luboš
Outros Autores: Hindls, Richard, Hronová, Stanislava
Formato: Capítulo de Livro
Idioma:inglês
Assuntos:
Tags: Adicionar Tag
Sem tags, seja o primeiro a adicionar uma tag!

MARC

LEADER 00000naa a2200000 4500
001 0272660
005 20211217134925.9
041 0 |a eng 
044 |a CZ 
245 1 0 |a Non-Stochastic Argumentation in Predicting Economic Indices  |c Luboš Marek, Richard Hindls, Stanislava Hronová 
520 |a Použitie štatistickej prognózy v predikciách krátkodobého medziročného vývoja HDP a ďalších agregovaných indexov národných účtov. Využitie nestochastického predikčného rozsahu ako predikčného nástroja. Analytické metódy časovej série a predikčné postupy. Hospodársky vývoj vo Francúzsku od konca druhej svetovej vojny a model nestochastického rozsahu predikcie pre odhadovaný vývoj HDP vo Francúzsku. 
610 2 0 |a prognózovanie 
610 2 0 |a argumentácia 
610 2 0 |a indexy 
610 2 0 |a produkt domáci hrubý 
610 2 0 |a prognózy 
610 2 0 |a Francúzsko 
100 1 |a Marek, Luboš 
700 1 |a Hindls, Richard 
700 1 |a Hronová, Stanislava